000 00342nam a22001457a 4500
008 221122b ||||| |||| 00| 0 eng d
020 _a9780071830133
041 _aeng
080 _2NINTH EDITION
_a615
082 _a615 SCH
100 _a13
101 _aFARMA
245 _aPHARMACOTHERAPY CASEBOOK
_cSCHWINGHAMMER L.T
942 _2udc
_cBK
999 _c58996
_d58996